000 00333nam a22001457a 4500
008 221020b ||||| |||| 00| 0 eng d
020 _a9781416040934
041 _aeng
080 _2FIFTH EDITION
_a617
082 _a617 MILL
100 _a15.1
101 _aORTO
245 _aREVIEW OF ORTHOPAEDICS
_cMILLER M
942 _2udc
_cBK
999 _c58614
_d58614